Sports Quiz

Random Sports or NFL Quiz
Score 0/238 Timer 19:00
0 Plays Today
Teams Started For Quarterback % Correct
NETom Brady
91.7%
INDPeyton Manning
90.4%
DALTroy Aikman
90.3%
NYGEli Manning
90.3%
NO/SDDrew Brees
89.4%
SFAlex Smith
88.5%
DAL/BUF/NEDrew Bledsoe
88.4%
CINAkili Smith
88.4%
BAL/SFTroy Smith
88.3%
SFSteve Young
86.8%
NYG/STL/ARIKurt Warner
86.7%
TENVince Young
86.6%
MIN/DAL/WAS/TBBrad Johnson
86%
TBJosh Johnson
86%
TB/BUF/JACRob Johnson
86%
ATLDoug Johnson
85.9%
DALTony Romo
85%
ATL/PHIMichael Vick
84.6%
PHI/WASDonovan McNabb
84.6%
PITBen Roethlisberger
84%
SDPhilip Rivers
83.4%
NYGJesse Palmer
82.6%
CINCarson Palmer
82.5%
MIADan Marino
82.1%
TENRusty Smith
82.1%
SEAMatt Hasselbeck
81.8%
WASTim Hasselbeck
81.8%
HOU/CARDavid Carr
81.3%
DENJohn Elway
80.8%
CHI/DENJay Cutler
80.6%
NYG/CAR/NO/TEN/OAKKerry Collins
80.2%
NE/KCMatt Cassel
80.1%
WAS/BUFTodd Collins
80.1%
CLE/ARIDerek Anderson
79.9%
STLMarc Bulger
79.7%
WAS/NO/JACMark Brunell
79.5%
WAS/STL/MIA/KCTrent Green
79.2%
DAL/CAR/TB/NYJ/BAL/CLEVinny Testaverde
78.7%
MIN/DET/MIA/OAKDaunte Culpepper
78.3%
BAL/HOU/TENSteve McNair
77.8%
CAR/NO/CLEJake Delhomme
77.7%
KCJoe Montana
77.1%
ATL/HOUMatt Schaub
76.7%
MIA/NYJChad Pennington
76.5%
GBAaron Rodgers
76.2%
ATLMatt Ryan
76.1%
DET/PHI/TB/SF/CLEJeff Garcia
76.1%
BALJoe Flacco
75.8%
NO/OAKAaron Brooks
75.8%
MINTarvaris Jackson
75.6%
DENJarious Jackson
75.5%
MIN/WAS/KC/OAKRich Gannon
75%
MIN/HOU/KC/SEAWarren Moon
74.8%
BUFJim Kelly
74.8%
MIN/DAL/PHI/BALRandall Cunningham
74.5%
JACDavid Garrard
74.4%
DETMatthew Stafford
74.3%
ARI/DENJake Plummer
74.1%
CHI/DENKyle Orton
73.6%
DET/PITCharlie Batch
73.4%
CHIRex Grossman
72.8%
NYJMark Sanchez
72.7%
DET/SEA/CINJon Kitna
72%
TB/SF/SEA/BAL/CLETrent Dilfer
71.9%
ATL/TB/JACByron Leftwich
71.8%
STL/BUF/CINRyan Fitzpatrick
71%
NYGPhil Simms
70.9%
BUF/SDDoug Flutie
70.8%
TB/DENChris Simms
70.8%
CHI/PITKordell Stewart
70.3%
OAKJaMarcus Russell
70%
DAL/NYJQuincy Carter
69.8%
CLETim Couch
68.6%
DET/ATL/MIAJoey Harrington
68.4%
WAS/OAKJason Campbell
68.3%
STLSam Bradford
67.6%
CHI/ATL/PHO/LA/STL/HOUChris Chandler
67.5%
ARI/NYJ/CINBoomer Esiason
67.3%
CHI/TB/MIA/DENBrian Griese
66.3%
BAL/STLKyle Boller
65.9%
Teams Started For Quarterback % Correct
PIT/DENTommy Maddox
65.8%
ARI/OAKJosh McCown
65.7%
TB/CLELuke McCown
65.7%
SF/BAL/KCElvis Grbac
65.2%
DAL/ATL/NO/OAKWade Wilson
65%
DET/PHIMike McMahon
65%
MIN/PHI/ARIJim McMahon
64.9%
MIAChad Henne
64.9%
TBJosh Freeman
64.5%
MIA/JACJay Fiedler
64.3%
BUFJ.P. Losman
64.3%
DAL/SDRyan Leaf
64.3%
NYJ/CIN/PIT/TENNeil O’Donnell
64.2%
MIN/WAS/ATL/IND/OAKJeff George
64.1%
CHI/BAL/IND/SDJim Harbaugh
64%
BUFTrent Edwards
63.2%
NYG/ARIDave Brown
62.4%
CLEBrady Quinn
62.4%
CHI/JACJonathan Quinn
62.3%
CHI/PITJim Miller
61.9%
ATL/LA/STL/DENChris Miller
61.8%
MIN/DET/WAS/STL/MIA/CIN/DENGus Frerotte
61.5%
ARIMatt Leinart
61.2%
DET/SFShaun Hill
61.2%
STL/BAL/WAS/HOUTony Banks
60.7%
CAR/PHO/ARI/JAC/DENSteve Beuerlein
59.8%
PHIKevin Kolb
58.5%
NO/ARI/BAL/CINJeff Blake
58.1%
SDStan Humphries
57.8%
DET/DAL/PHI/CARRodney Peete
57.7%
DET/ARI/KC/CHIDave Krieg
57.7%
CHICade McNown
57.4%
DET/MIA/BALScott Mitchell
57.4%
PHIKoy Detmer
57%
DET/PHI/SF/CLETy Detmer
57%
CAR/SFChris Weinke
56.9%
CARMatt Moore
56.6%
SEA/CLESeneca Wallace
56.6%
DAL/MIA/CLEBernie Kosar
56.1%
PHI/MIAAJ Feeley
55.6%
NYG/WAS/OAKJeff Hostetler
55.2%
CHI/SEA/NYJ/OAKRick Mirer
55.2%
NO/LA/SDJim Everett
55.2%
WAS/STL/CLEMark Rypien
54.1%
PHI/NYJ/PIT/DENBubby Brister
53.5%
CARJimmy Clausen
53.2%
TB/ARIShaun King
53%
CLEColt McCoy
52.4%
ATL/NOBobby Hebert
51.7%
PHI/NYJKen O’Brien
51.6%
SEABrock Huard
51.4%
MIA/KCDamon Huard
51.4%
DET/CHI/SDErik Kramer
51.3%
MIA/HOUSage Rosenfels
51.1%
TENBilly Volek
50.9%
CHI/DALChad Hutchinson
50%
KCTyler Thigpen
49.9%
TB/CLE/OAKBruce Gradkowski
49.8%
MIACleo Lemon
49.8%
MIN/BUF/CLE/INDKelly Holcomb
49.5%
NYJKellen Clemens
49.3%
MIN/NYJBrooks Bollinger
48.9%
DETDan Orlovsky
48.6%
ATL/BALChris Redman
48.6%
WASPatrick Ramsey
47.8%
ATL/TB/MIASteve DeBerg
47.3%
STL/KCSteve Bono
47.2%
DETDrew Stanton
47.2%
PITDennis Dixon
46.6%
SEA/CLE/OAKCharlie Frye
46.6%
WAS/NOHeath Shuler
46.2%
SEACharlie Whitehurst
46.2%
DALDrew Henson
45.4%
DET/INDDon Majkowski
44.8%
KCBrodie Croyle
44.5%
ATL/NO/HOUBilly Joe Tolliver
44.4%
MIAJohn Beck
44%
SFJim Druckenmiller
43%
DET/CAR/BUF/NYJFrank Reich
42.9%
DAL/BALAnthony Wright
42.9%
Teams Started For Quarterback % Correct
CHI/WASShane Matthews
42.5%
SFJ.T. O’Sullivan
42.5%
JACSteve Matthews
42.5%
SF/CLEKen Dorsey
42.3%
NYG/ARI/PITKent Graham
42.2%
TB/SFTim Rattay
42.2%
CINDavid Klingler
41.4%
STL/JACJamie Martin
41.3%
DETAndre Ware
41.3%
DALJason Garrett
41%
CLE/PITMike Tomczak
40.6%
JACQuinn Gray
40.3%
NO/OAKBilly Joe Hobert
40.2%
OAKAndrew Walter
39.5%
PHI/CLEDoug Pederson
39.1%
NEScott Zolak
38.7%
ARIMax Hall
38.6%
ARI/CIN/OAKJay Schroeder
38.4%
MIN/CLESpergon Wynn
38.1%
CHI/NO/STLSteve Walsh
37.8%
MIA/NYJRay Lucas
37.3%
MIN/NO/JACTodd Bouman
37.2%
OAKTodd Marinovich
37.2%
SEADan McGwire
36.8%
CHICraig Krenzel
36.6%
BUFAlex Van Pelt
36.5%
BUFBrian Brohm
35.9%
NYG/ATL/DENDanny Kanell
35.8%
OAKVince Evans
34.3%
WAS/NODanny Wuerffel
34.3%
DET/ARI/BALStoney Case
33.9%
TB/MIA/INDCraig Erickson
32.4%
TB/BAL/CLEEric Zeier
32.1%
WAS/SEA/SDJohn Friesz
31.7%
SEA/NYJGlenn Foley
31.3%
OAKMarques Tuiasosopo
31.1%
PHIBobby Hoying
31.1%
CHI/SDMoses Moreno
31%
STLBrock Berlin
30.9%
MIN/SDSean Salisbury
30.6%
NE/DENHugh Millen
30.1%
CARBrian St. Pierre
30%
NYJ/INDJack Trudeau
30%
STLKeith Null
29.6%
HOUCody Carlson
29.4%
NEJeff Carlson
29.4%
ATLKurt Kittner
29.3%
NYJ/INDBrowning Nagle
28.5%
HOUDave Ragone
28.5%
PHOTimm Rosenbach
27.5%
CHIHenry Burris
27.3%
TENMatt Mauck
27.2%
SEAKelly Stouffer
26.3%
ARIJohn Navarre
26.3%
STLScott Covington
25.3%
DALClint Stoerner
25.2%
CHIPeter Tom Willis
25.2%
SFCody Pickett
24.8%
CIN/INDPaul Justin
24.3%
CHI/SFSteve Stenstrom
24.1%
CARRandy Fasani
23.1%
NETom Hodson
22.9%
CARMatt Lytle
21.9%
ATLTony Graziani
21.8%
CIN/OAKDonald Hollas
21.7%
HOUBucky Richardson
21.6%
NEScott Secules
21.5%
SDGale Gilbert
21.2%
NOMike Buck
21%
SDCraig Whelihan
20.9%
DENBill Musgrave
20.9%
CHI/HOUWill Furrer
20.5%
SEAStan Gelbaugh
20.2%
LAT.J. Rubley
20.1%
CLETodd Philcox
19.8%
SDBob Gagliano
19.1%
WASCary Conklin
18.6%
NODoug Nussmeier
18.6%
Remove Ads.
Support Sporcle.
Get the best of Sporcle when you Go Orange. This ad-free experience offers more features, more stats, and more fun while also helping to support Sporcle. Thank you for becoming a member.

You're not logged in!

Compare scores with friends on all Sporcle quizzes.
OR
Log In

Show Comments

Extras

Top Quizzes Today


Score Distribution

Your Account Isn't Verified!

In order to create a playlist on Sporcle, you need to verify the email address you used during registration. Go to your Sporcle Settings to finish the process.

Report this User

Report this user for behavior that violates our Community Guidelines.

Details: